Контроль сцинтилляционного счетчика и регистрация дифрагированного излучения (DiSCo): программа для ЭВМ; рег. номер: 2015661969, 13.11.2015

Podrobná bibliografie
Hlavní autor: Вуколов А. В. Артем Владимирович
Korporace: Национальный исследовательский Томский политехнический университет Исследовательская школа физики высокоэнергетических процессов, Национальный исследовательский Томский политехнический университет Инженерная школа ядерных технологий Отделение ядерно-топливного цикла
Další autoři: Черепенников Ю. М. Юрий Михайлович, Гоголев А. С. Алексей Сергеевич
Shrnutí:Язык программирования: C++
Тип реализующей ЭВМ: IBM PC-совмест. ПК
Программа предназначена для управления системой регистрации дифрагированного излучения, основанной на применении быстродействующего сцинтилляционного счетчика ионизирующего излучения и может применяться в рентгеновском волнодисперсионном анализе. Программа обеспечивает выполнение следующих функций: считывание показаний счетчика ионизирующего излучения; управление функциями счетчика; графическое отображение результатов измерений; запись результатов в заранее указанный файл; дистанционное управление приводом исполнительного механизма.
Jazyk:ruština
Vydáno:
Témata:
On-line přístup:https://www1.fips.ru/Archive/EVM/2015/2015.12.20/DOC/RUNW/000/002/015/661/969/document.pdf
Médium: MixedMaterials Elektronický zdroj Kniha
KOHA link:https://koha.lib.tpu.ru/cgi-bin/koha/opac-detail.pl?biblionumber=661884

MARC

LEADER 00000nlm0a2200000 4500
001 661884
005 20240126094527.0
029 1 0 |a RU  |b 2015661969  |f TPU 
035 |a (RuTPU)RU\TPU\network\32924 
035 |a RU\TPU\network\32922 
039 0 |a RU  |b 2015618895  |c 20150928 
090 |a 661884 
100 |a 20200317j20151113k y0rusy50 ca 
101 0 |a rus 
102 |a RU 
105 |a a k 000zy 
135 |a drgn ---uucaa 
181 0 |a i  
182 0 |a b 
200 1 |a Контроль сцинтилляционного счетчика и регистрация дифрагированного излучения (DiSCo)  |e программа для ЭВМ  |e рег. номер: 2015661969, 13.11.2015  |f А. В. Вуколов, Ю. М. Черепенников, А. С. Гоголев  |g Национальный исследовательский Томский политехнический университет 
203 |a Текст  |c электронный 
300 |a Язык программирования: C++ 
300 |a Тип реализующей ЭВМ: IBM PC-совмест. ПК 
330 |a Программа предназначена для управления системой регистрации дифрагированного излучения, основанной на применении быстродействующего сцинтилляционного счетчика ионизирующего излучения и может применяться в рентгеновском волнодисперсионном анализе. Программа обеспечивает выполнение следующих функций: считывание показаний счетчика ионизирующего излучения; управление функциями счетчика; графическое отображение результатов измерений; запись результатов в заранее указанный файл; дистанционное управление приводом исполнительного механизма. 
337 |a Вид и версия операционной системы: Windows NT/2000/XP/7, Unix 
610 1 |a труды учёных ТПУ 
610 1 |a программы для ЭВМ 
610 1 |a электронный ресурс 
610 1 |a контроль 
610 1 |a регистрация 
610 1 |a ионизирующие излучения 
610 1 |a рентгеновский анализ 
610 1 |a волнодисперсионный анализ 
610 1 |a графические изображения 
610 1 |a результаты измерений 
610 1 |a дистанционное управление 
610 1 |a приводы 
610 1 |a исполнительные механизмы 
700 1 |a Вуколов  |b А. В.  |c физик  |c научный сотрудник Томского политехнического университета, кандидат физико-математических наук  |f 1978-  |g Артем Владимирович  |3 (RuTPU)RU\TPU\pers\27815  |9 12853 
701 1 |a Черепенников  |b Ю. М.  |c физик  |c доцент Томского политехнического университета, кандидат наук  |f 1989-  |g Юрий Михайлович  |3 (RuTPU)RU\TPU\pers\30116  |9 14522 
701 1 |a Гоголев  |b А. С.  |c физик  |c доцент Томского политехнического университета, кандидат физико-математических наук  |f 1983-  |g Алексей Сергеевич  |3 (RuTPU)RU\TPU\pers\26565  |9 12254 
712 0 2 |a Национальный исследовательский Томский политехнический университет  |b Исследовательская школа физики высокоэнергетических процессов  |c (2017- )  |3 (RuTPU)RU\TPU\col\23551 
712 0 2 |a Национальный исследовательский Томский политехнический университет  |b Инженерная школа ядерных технологий  |b Отделение ядерно-топливного цикла  |3 (RuTPU)RU\TPU\col\23554 
801 1 |a RU  |b 63413507  |c 20120201 
801 2 |a RU  |b 63413507  |c 20220628  |g RCR 
856 4 |u https://www1.fips.ru/Archive/EVM/2015/2015.12.20/DOC/RUNW/000/002/015/661/969/document.pdf 
942 |c CF